[Event "EYTCC U18 Open 2019"]
[Site "Pardubice"]
[Date "2019.07.15"]
[Round "5.6"]
[White "Zlatin, Alexander"]
[Black "Stevanic, David"]
[Result "0-1"]
[WhiteElo "2270"]
[BlackElo "2306"]
[Annotator "NA"]
[PlyCount "138"]
[EventDate "2019.07.11"]
[EventType "swiss"]
[EventCountry "CZE"]
[SourceTitle "playchess.com"]
[Source "ChessBase"]
[SourceQuality "1"]
[WhiteTeam "Israel"]
[BlackTeam "Slovenia"]
[WhiteTeamCountry "ISR"]
[BlackTeamCountry "SLO"]
[TimeControl "40/5400+30:1800+30"]

1. e4 {[%emt 0:00:00]} e5 {[%emt 0:00:00]} 2. Nf3 {[%emt 0:00:00]} Nc6 {[%emt 0:00:00]} 3. Bb5 {[%emt 0:00:00]} a6 {[%emt 0:00:00]} 4. Ba4 {[%emt 0:00:00]} Nf6 {[%emt 0:00:00]} 5. O-O {[%emt 0:00:00]} Be7 {[%emt 0:01:52]} 6. Re1 {[%emt 0:00:11]} b5 {[%emt 0:00:21]} 7. Bb3 {[%emt 0:00:05]} O-O {[%emt 0:00:05]} 8. a4 {[%emt 0:00:04]} Bb7 {[%emt 0:08:41]} 9. d3 {[%emt 0:05:45]} d6 {[%emt 0:01:59]} 10. Nc3 {[%emt 0:08:52]} b4 {[%emt 0:14:53]} 11. Nd5 {[%emt 0:00:29]} Nxd5 {[%emt 0:01:46]} 12. Bxd5 {[%emt 0:00:38]} Na5 {[%emt 0:03:19]} 13. Bxb7 {[%emt 0:03:41]} Nxb7 {[%emt 0:01:09]} 14. c3 {[%emt 0:01:46]} c5 {[%emt 0:06:18]} 15. Qb3 {[%emt 0:01:19]} Na5 {[%emt 0:03:27]} 16. Qd5 {[%emt 0:02:13]} bxc3 {[%emt 0:06:07]} 17. bxc3 {[%emt 0:00:22]} Rb8 {[%emt 0:00:37]} 18. Be3 {[%emt 0:01:52]} Rb2 {[%emt 0:04:08]} 19. Rad1 {[%emt 0:10:00]} Qa8 {[%emt 0:07:01]} 20. d4 {[%emt 0:07:09]} Qxd5 {[%emt 0:01:25]} 21. exd5 {[%emt 0:00:02]} exd4 {[%emt 0:04:23]} 22. cxd4 {[%emt 0:03:31]} c4 {[%emt 0:00:29]} 23. Bf4 {[%emt 0:08:55]} Rb7 {[%emt 0:00:24]} 24. Rxe7 {[%emt 0:02:08]} Rxe7 {[%emt 0:00:07]} 25. Bxd6 {[%emt 0:00:03]} Rd7 {[%emt 0:00:28]} 26. Bxf8 {[%emt 0:00:06]} Kxf8 {[%emt 0:00:03]} 27. Ne1 {[%emt 0:00:28]} Rb7 {[%emt 0:08:19]} 28. Nc2 {[%emt 0:16:21]} Rb2 {[%emt 0:07:15]} 29. Ne3 {[%emt 0:00:04]} c3 {[%emt 0:01:50]} 30. Re1 {[%emt 0:03:44]} Nb3 {[%emt 0:10:22]} 31. Nc4 {[%emt 0:01:18]} Nd2 {[%emt 0:00:36]} 32. Ne5 {[%emt 0:03:30]} Rb1 {[%emt 0:01:42]} 33. Rxb1 {[%emt 0:02:58]} Nxb1 {[%emt 0:00:04]} 34. Nd3 {[%emt 0:01:05]} Nd2 {[%emt 0:05:50]} 35. Nc1 {[%emt 0:00:51]} Ke7 {[%emt 0:00:43]} 36. f3 {[%emt 0:00:20]} Kd6 {[%emt 0:00:21]} 37. Kf2 {[%emt 0:00:43]} Nc4 {[%emt 0:01:03]} 38. Ke2 {[%emt 0:06:56]} Nb2 {[%emt 0:00:30]} 39. Na2 {[%emt 0:00:36]} Kxd5 {[%emt 0:01:03]} 40. Nxc3+ {[%emt 0:03:08]} Kxd4 {[%emt 0:00:06]} 41. Kd2 {[%emt 0:32:42]} Nc4+ {[%emt 0:07:33]} 42. Kc2 {[%emt 0:00:00]} Ne3+ {[%emt 0:00:03]} 43. Kb3 {[%emt 0:00:00]} Nxg2 {[%emt 0:00:07]} 44. a5 {[%emt 0:00:00]} Ne1 {[%emt 0:07:54]} 45. Nb5+ {[%emt 0:00:00]} Kc5 {[%emt 0:01:56]} 46. Nc7 {[%emt 0:00:00]} Nxf3 {[%emt 0:01:15]} 47. Ka4 {[%emt 0:00:00]} Nxh2 {[%emt 0:02:09]} 48. Nxa6+ {[%emt 0:00:00]} Kc6 {[%emt 0:00:02]} 49. Nb4+ {[%emt 0:00:00]} Kb7 {[%emt 0:00:07]} 50. Kb5 {[%emt 0:00:00]} Ng4 {[%emt 0:01:00]} 51. a6+ {[%emt 0:00:00]} Ka8 {[%emt 0:03:36]} 52. Kb6 {[%emt 0:00:00]} Nf6 {[%emt 0:01:07]} 53. Kc5 {[%emt 0:00:00]} h5 {[%emt 0:00:56]} 54. Kd4 {[%emt 0:00:00]} h4 {[%emt 0:00:50]} 55. Ke3 {[%emt 0:00:00]} h3 {[%emt 0:02:45]} 56. Kf3 {[%emt 0:00:00]} Ng4 {[%emt 0:00:22]} 57. Nc6 {[%emt 0:00:00]} h2 {[%emt 0:00:19]} 58. Kg2 {[%emt 0:00:00]} f5 {[%emt 0:00:43]} 59. Nd4 {[%emt 0:00:00]} f4 {[%emt 0:00:31]} 60. Nf3 {[%emt 0:00:00]} Ka7 {[%emt 0:00:25]} 61. Nd4 {[%emt 0:00:00]} Kxa6 {[%emt 0:00:14]} 62. Nf5 {[%emt 0:00:00]} f3+ {[%emt 0:00:46]} 63. Kh1 {[%emt 0:00:00]} f2 {[%emt 0:00:33]} 64. Ng3 {[%emt 0:00:00]} Ne3 {[%emt 0:00:17]} 65. Kxh2 {[%emt 0:00:00]} f1=Q {[%emt 0:00:09]} 66. Nxf1 {[%emt 0:00:00]} Nxf1+ {[%emt 0:00:06]} 67. Kh3 {[%emt 0:00:00]} Ne3 {[%emt 0:00:09]} 68. Kh4 {[%emt 0:00:00]} Nf5+ {[%emt 0:00:09]} 69. Kg5 {[%emt 0:00:00]} Ne7 {[%emt 0:00:05]} 0-1

[Event "EYTCC U18 Open 2019"]
[Site "Pardubice"]
[Date "2019.07.15"]
[Round "5.7"]
[White "Tisaj, Domen"]
[Black "Rozen, Eytan"]
[Result "1/2-1/2"]
[WhiteElo "2232"]
[BlackElo "2260"]
[Annotator "NA"]
[PlyCount "105"]
[EventDate "2019.07.11"]
[EventType "swiss"]
[EventCountry "CZE"]
[SourceTitle "playchess.com"]
[Source "ChessBase"]
[SourceQuality "1"]
[WhiteTeam "Slovenia"]
[BlackTeam "Israel"]
[WhiteTeamCountry "SLO"]
[BlackTeamCountry "ISR"]
[TimeControl "40/5400+30:1800+30"]

1. d4 {[%emt 0:00:00]} Nf6 {[%emt 0:00:00]} 2. c4 {[%emt 0:00:00]} e6 {[%emt 0:00:00]} 3. Nc3 {[%emt 0:00:00]} Bb4 {[%emt 0:00:00]} 4. e3 {[%emt 0:00:00]} O-O {[%emt 0:00:07]} 5. Nge2 {[%emt 0:00:00]} Re8 {[%emt 0:00:12]} 6. a3 {[%emt 0:00:05]} Bf8 {[%emt 0:00:08]} 7. d5 {[%emt 0:00:05]} a5 {[%emt 0:00:31]} 8. g3 {[%emt 0:00:13]} Na6 {[%emt 0:00:33]} 9. Bg2 {[%emt 0:00:07]} Nc5 {[%emt 0:01:19]} 10. b3 {[%emt 0:00:08]} exd5 {[%emt 0:01:31]} 11. cxd5 {[%emt 0:00:13]} Nfe4 {[%emt 0:02:13]} 12. Nxe4 {[%emt 0:06:45]} Nxe4 {[%emt 0:00:09]} 13. Bb2 {[%emt 0:00:28]} c5 {[%emt 0:12:43]} 14. a4 {[%emt 0:03:53]} d6 {[%emt 0:08:08]} 15. O-O {[%emt 0:01:20]} Bd7 {[%emt 0:03:19]} 16. Qc2 {[%emt 0:04:56]} Nf6 {[%emt 0:00:39]} 17. Nc3 {[%emt 0:01:00]} g6 {[%emt 0:04:27]} 18. Rfe1 {[%emt 0:03:54]} Bg7 {[%emt 0:00:19]} 19. e4 {[%emt 0:01:35]} h5 {[%emt 0:01:11]} 20. Rad1 {[%emt 0:07:07]} Rc8 {[%emt 0:01:56]} 21. Nb1 {[%emt 0:00:56]} b5 {[%emt 0:01:21]} 22. axb5 {[%emt 0:02:48]} Bxb5 {[%emt 0:00:42]} 23. Na3 {[%emt 0:00:26]} Ba6 {[%emt 0:08:14]} 24. Nc4 {[%emt 0:01:37]} Bxc4 {[%emt 0:01:00]} 25. bxc4 {[%emt 0:00:46]} Nd7 {[%emt 0:07:21]} 26. Bxg7 {[%emt 0:00:37]} Kxg7 {[%emt 0:00:01]} 27. Qc3+ {[%emt 0:04:28]} Kg8 {[%emt 0:06:02]} 28. f4 {[%emt 0:01:56]} Qf6 {[%emt 0:14:23]} 29. e5 {[%emt 0:10:40]} Qg7 {[%emt 0:11:44]} 30. Bh3 {[%emt 0:00:46]} Rcd8 {[%emt 0:00:49]} 31. Qxa5 {[%emt 0:02:36]} dxe5 {[%emt 0:00:20]} 32. Bxd7 {[%emt 0:01:10]} Rxd7 {[%emt 0:00:01]} 33. fxe5 {[%emt 0:09:31]} Rxe5 {[%emt 0:00:08]} 34. Rxe5 {[%emt 0:00:19]} Qxe5 {[%emt 0:00:02]} 35. Qxc5 {[%emt 0:00:10]} Rc7 {[%emt 0:07:06]} 36. Qd4 {[%emt 0:00:58]} Qe2 {[%emt 0:01:33]} 37. Rc1 {[%emt 0:00:54]} h4 {[%emt 0:03:11]} 38. gxh4 {[%emt 0:00:18]} Re7 {[%emt 0:04:20]} 39. Ra1 {[%emt 0:05:42]} Kh7 {[%emt 0:00:41]} 40. Qf4 {[%emt 0:00:25]} Re4 {[%emt 0:01:04]} 41. Qxf7+ {[%emt 0:32:06]} Kh6 {[%emt 0:30:01]} 42. Qf8+ {[%emt 0:02:01]} Kh5 {[%emt 0:00:04]} 43. h3 {[%emt 0:00:41]} Qe3+ {[%emt 0:00:00]} 44. Kg2 {[%emt 0:00:00]} Qd2+ {[%emt 0:00:00]} 45. Kh1 {[%emt 0:00:00]} Qc3 {[%emt 0:00:00]} 46. Qf1 {[%emt 0:00:00]} Re3 {[%emt 0:01:09]} 47. Qd1+ {[%emt 0:00:00]} Kh6 {[%emt 0:00:07]} 48. Qc1 {[%emt 0:00:00]} Qd3 {[%emt 0:00:21]} 49. Kg1 {[%emt 0:00:00]} Kh7 {[%emt 0:00:20]} 50. Ra7+ {[%emt 0:06:02]} Kg8 {[%emt 0:00:07]} 51. Ra8+ {[%emt 0:00:04]} Kh7 {[%emt 0:00:07]} 52. Ra7+ {[%emt 0:00:04]} Kg8 {[%emt 0:00:07]} 53. Ra8+ {[%emt 0:00:05]} 1/2-1/2

[Event "EYTCC U18 Open 2019"]
[Site "Pardubice"]
[Date "2019.07.15"]
[Round "5.8"]
[White "Gleizer, Adar"]
[Black "Marn, Jan"]
[Result "0-1"]
[WhiteElo "1748"]
[BlackElo "2215"]
[Annotator "ChessBase"]
[PlyCount "72"]
[EventDate "2019.07.11"]
[EventType "swiss"]
[EventCountry "CZE"]
[SourceTitle "playchess.com"]
[Source "ChessBase"]
[SourceQuality "1"]
[WhiteTeam "Israel"]
[BlackTeam "Slovenia"]
[WhiteTeamCountry "ISR"]
[BlackTeamCountry "SLO"]
[TimeControl "40/5400+30:1800+30"]

1. e4 {[%emt 0:00:00]} e5 {[%emt 0:00:00]} 2. Nf3 {[%emt 0:00:00]} Nc6 {[%emt 0:00:00]} 3. Bb5 {[%emt 0:00:11]} a6 {[%emt 0:00:00]} 4. Ba4 {[%emt 0:00:12]} Nf6 {[%emt 0:00:00]} 5. O-O {[%emt 0:00:20]} Be7 {[%emt 0:00:00]} 6. Re1 {[%emt 0:00:23]} b5 {[%emt 0:00:14]} 7. Bb3 {[%emt 0:00:06]} d6 {[%emt 0:00:05]} 8. c3 {[%emt 0:00:50]} O-O {[%emt 0:00:14]} 9. h3 {[%emt 0:00:13]} Na5 {[%emt 0:00:06]} 10. Bc2 {[%emt 0:00:13]} c5 {[%emt 0:00:11]} 11. d4 {[%emt 0:02:40]} Qc7 {[%emt 0:00:07]} 12. Nbd2 {[%emt 0:00:20]} cxd4 {[%emt 0:00:12]} 13. cxd4 {[%emt 0:00:07]} Nc6 {[%emt 0:00:04]} 14. Nf1 {[%emt 0:01:07]} Nxd4 15. Nxd4 {[%emt 0:01:18]} exd4 {[%emt 0:16:53]} 16. Bb3 {[%emt 0:00:27]} Qb6 {[%emt 0:03:09]} 17. Ng3 {[%emt 0:05:12]} Re8 {[%emt 0:06:07]} 18. Qd3 {[%emt 0:01:36]} Bb7 {[%emt 0:21:06]} 19. Nf5 {[%emt 0:19:37]} Bf8 {[%emt 0:01:45]} 20. f3 {[%emt 0:22:47]} d5 {[%emt 0:08:55]} 21. e5 {[%emt 0:00:48]} Nd7 {[%emt 0:00:05]} 22. Bf4 {[%emt 0:01:06]} f6 {[%emt 0:10:19]} 23. e6 {[%emt 0:31:03]} Rxe6 {[%emt 0:00:18]} 24. Rxe6 {[%emt 0:00:15]} Qxe6 {[%emt 0:00:09]} 25. Nxd4 {[%emt 0:00:08]} Qf7 {[%emt 0:03:39]} 26. Bc2 {[%emt 0:04:14]} g6 {[%emt 0:00:26]} 27. Re1 {[%emt 0:00:16]} Re8 {[%emt 0:01:30]} 28. Rxe8 {[%emt 0:01:44]} Qxe8 {[%emt 0:00:05]} 29. Qd2 {[%emt 0:00:28]} Bc5 {[%emt 0:04:22]} 30. Kh2 {[%emt 0:00:51]} Nf8 {[%emt 0:01:56]} 31. b4 {[%emt 0:00:59]} Ba7 {[%emt 0:01:17]} 32. Bb3 {[%emt 0:01:16]} Ne6 {[%emt 0:03:28]} 33. Ne2 {[%emt 0:00:19]} Nxf4 {[%emt 0:00:38]} 34. Nxf4 {[%emt 0:00:45]} Be3 {[%emt 0:00:34]} 35. Nxd5 {[%emt 0:05:07]} Bxd2 {[%emt 0:00:22]} 36. Nxf6+ {[%emt 0:00:14]} Kf8 {[%emt 0:00:05]} 0-1

[Event "EYTCC U18 Open 2019"]
[Site "Pardubice"]
[Date "2019.07.15"]
[Round "5.9"]
[White "Gavrilescu, David"]
[Black "Miesbauer, Jan"]
[Result "1/2-1/2"]
[WhiteElo "2473"]
[BlackElo "2409"]
[Annotator "ChessBase"]
[PlyCount "119"]
[EventDate "2019.07.11"]
[EventType "swiss"]
[EventCountry "CZE"]
[SourceTitle "playchess.com"]
[Source "ChessBase"]
[SourceQuality "1"]
[WhiteTeam "Romania"]
[BlackTeam "Czech Republic"]
[WhiteTeamCountry "ROU"]
[BlackTeamCountry "CZE"]
[TimeControl "40/5400+30:1800+30"]

1. e4 {[%emt 0:00:00]} c5 {[%emt 0:00:00]} 2. Nf3 {[%emt 0:00:26]} Nc6 {[%emt 0:00:02]} 3. Bb5 {[%emt 0:00:48]} g6 {[%emt 0:00:23]} 4. O-O {[%emt 0:01:20]} Bg7 {[%emt 0:00:17]} 5. Nc3 {[%emt 0:00:43]} Nd4 {[%emt 0:03:06]} 6. Ba4 {[%emt 0:01:20]} a6 {[%emt 0:01:19]} 7. d3 {[%emt 0:09:24]} e6 {[%emt 0:01:20]} 8. Nxd4 {[%emt 0:02:30]} cxd4 {[%emt 0:00:07]} 9. Ne2 {[%emt 0:00:48]} Ne7 {[%emt 0:01:03]} 10. Bg5 {[%emt 0:07:05]} h6 {[%emt 0:06:58]} 11. Bh4 {[%emt 0:02:43]} O-O {[%emt 0:03:17]} 12. f4 {[%emt 0:03:57]} d6 {[%emt 0:14:51]} 13. Qd2 {[%emt 0:08:32]} f5 {[%emt 0:12:14]} 14. Bb3 {[%emt 0:05:51]} Kh7 {[%emt 0:02:07]} 15. exf5 {[%emt 0:04:00]} Rxf5 {[%emt 0:07:12]} 16. Rae1 {[%emt 0:05:08]} d5 {[%emt 0:06:25]} 17. Bxe7 {[%emt 0:04:38]} Qxe7 {[%emt 0:00:07]} 18. Ng3 {[%emt 0:00:05]} Rf8 {[%emt 0:07:10]} 19. Bxd5 {[%emt 0:01:08]} Qf7 {[%emt 0:00:53]} 20. Bb3 {[%emt 0:03:42]} Bd7 {[%emt 0:02:39]} 21. Ne4 {[%emt 0:12:03]} Qe7 {[%emt 0:01:23]} 22. Re2 {[%emt 0:05:55]} e5 {[%emt 0:02:18]} 23. Ref2 {[%emt 0:02:55]} exf4 {[%emt 0:03:17]} 24. Rxf4 {[%emt 0:00:08]} Rxf4 {[%emt 0:01:14]} 25. Qxf4 {[%emt 0:05:27]} Rf8 {[%emt 0:01:17]} 26. Qxf8 {[%emt 0:03:26]} Bxf8 {[%emt 0:01:02]} 27. Rf7+ {[%emt 0:00:02]} Qxf7 {[%emt 0:00:16]} 28. Bxf7 {[%emt 0:00:02]} Bc6 {[%emt 0:00:11]} 29. Bd5 {[%emt 0:02:08]} Bxd5 {[%emt 0:01:45]} 30. Nf6+ {[%emt 0:00:03]} Kg7 {[%emt 0:00:07]} 31. Nxd5 {[%emt 0:00:04]} Kf7 {[%emt 0:01:25]} 32. Kf2 {[%emt 0:01:38]} Bd6 {[%emt 0:00:53]} 33. Kf3 {[%emt 0:03:08]} Ke6 {[%emt 0:02:47]} 34. Nf4+ {[%emt 0:01:13]} Kf5 {[%emt 0:00:13]} 35. g3 {[%emt 0:01:33]} g5 {[%emt 0:06:31]} 36. g4+ {[%emt 0:01:51]} Ke5 {[%emt 0:00:52]} 37. Nh5 {[%emt 0:00:49]} b5 {[%emt 0:02:44]} 38. Ng3 {[%emt 0:01:48]} b4 {[%emt 0:01:06]} 39. h3 {[%emt 0:00:26]} Kd5 {[%emt 0:02:43]} 40. Ne4 {[%emt 0:00:32]} Be7 {[%emt 0:00:12]} 41. Nd2 {[%emt 0:03:52]} Bd6 {[%emt 0:01:47]} 42. Nc4 {[%emt 0:02:59]} Bc7 {[%emt 0:00:27]} 43. Ke2 {[%emt 0:00:47]} Kc5 {[%emt 0:01:33]} 44. Kd2 {[%emt 0:02:55]} Bf4+ {[%emt 0:00:29]} 45. Kd1 {[%emt 0:00:07]} Kb5 {[%emt 0:08:15]} 46. c3 {[%emt 0:05:31]} dxc3 {[%emt 0:03:54]} 47. bxc3 {[%emt 0:00:08]} bxc3 {[%emt 0:01:15]} 48. Kc2 {[%emt 0:00:55]} Kc5 {[%emt 0:00:14]} 49. Kxc3 {[%emt 0:00:36]} Kd5 {[%emt 0:00:15]} 50. Nd2 {[%emt 0:01:40]} Bc7 {[%emt 0:01:17]} 51. Nf3 {[%emt 0:00:36]} Bd8 {[%emt 0:01:35]} 52. Kd2 {[%emt 0:00:30]} Bb6 {[%emt 0:00:35]} 53. Ke2 {[%emt 0:01:25]} Bc5 {[%emt 0:00:39]} 54. h4 {[%emt 0:01:41]} gxh4 {[%emt 0:01:34]} 55. Nxh4 {[%emt 0:00:02]} Ke5 {[%emt 0:01:14]} 56. Nf5 {[%emt 0:00:19]} Bf8 {[%emt 0:00:41]} 57. Ke3 {[%emt 0:01:38]} h5 {[%emt 0:00:55]} 58. d4+ {[%emt 0:01:31]} Kf6 {[%emt 0:00:51]} 59. Kf4 {[%emt 0:01:55]} hxg4 {[%emt 0:00:06]} 60. Kxg4 {[%emt 0:00:17] Ke5} 1/2-1/2

[Event "EYTCC U18 Open 2019"]
[Site "Pardubice"]
[Date "2019.07.15"]
[Round "5.10"]
[White "Sramek, Vojtech"]
[Black "Stoleriu, George"]
[Result "1/2-1/2"]
[WhiteElo "2233"]
[BlackElo "2360"]
[Annotator "TA"]
[PlyCount "95"]
[EventDate "2019.07.11"]
[EventType "swiss"]
[EventCountry "CZE"]
[SourceTitle "playchess.com"]
[Source "ChessBase"]
[SourceQuality "1"]
[WhiteTeam "Czech Republic"]
[BlackTeam "Romania"]
[WhiteTeamCountry "CZE"]
[BlackTeamCountry "ROU"]

{[%evp 11,95,4,5,5,12,16,7,9,9,4,2,-9,0,6,0,0,6,11,11,4,0,0,4,6,39,11,13,6,12,10,41,18,12,7,8,0,0,0,0,-22,-22,-37,0,0,0,0,14,-5,16,13,45,49,39,29,28,31,40,0,9,0,0,0,0,0,0,0,0,0,0,0,0,0,0,0,0,0,0,0,0,0,0,0,0,0,0,0]} 1. e4 e6 2. d4 d5 3. Nc3 Bb4 4. exd5 exd5 5. Bd3 c6 6. Nge2 Ne7 7. O-O {C01: French: Exchange Variation} (7. Ng3 O-O 8. O-O Nd7 9. Bg5 f6 10. Bd2 Bd6 11. Re1 Re8 12. Qf3 Nf8 13. Bf4 Bxf4 14. Qxf4 Ne6 {1-0 (49) Alekseev,E (2636)-Fedoseev,V (2665) Sochi 2016}) 7... Bf5 8. Ng3 Bxd3 9. Qxd3 O-O 10. Nce2 Nd7 11. Nh5 Bd6 $146 ({Predecessor:} 11... Ng6 12. Nhf4 Bd6 13. Nxg6 fxg6 14. Be3 Qf6 15. c3 Rad8 {½-½ (15) Karlsson,P (1793)-Konvalinka,V (1669) Prague 2019}) 12. Bg5 Qc7 13. Qh3 Ng6 (13... f6 $5 {[%cal Rf6g5]} 14. Bf4 Rf7 $11) 14. Neg3 Bxg3 15. fxg3 f6 16. Bd2 Nb6 17. b3 Qd6 18. Rae1 Rae8 19. g4 Rxe1 20. Rxe1 Qd7 21. Qf3 Re8 22. Rf1 {And now Bh6! would win.} Re6 23. Ng3 Nc8 {[%cal Bb6c8,Bc8d6,Bd6e4][%mdl 32]} 24. Bb4 Nd6 25. Nf5 Ne4 26. h4 h6 27. h5 Nh8 28. Qf4 Re8 29. Re1 b6 30. c4 {[#] Hoping for cxd5.} c5 31. dxc5 bxc5 32. Ba3 Nf7 33. cxd5 Qxd5 34. Bb2 a5 {The position is equal.} 35. Ng3 {[%cal Re1e4]} Nfd6 36. Nxe4 Nxe4 37. Qf3 Qd2 38. Rxe4 (38. Qe2 {with more complications.} Qd5 39. Bc3 Kf8 40. Bxa5 Qd4+ 41. Kh2) 38... Rxe4 39. Qxe4 Qxb2 $11 {[%mdl 4096] Endgame KQ-KQ} 40. Qe8+ Kh7 41. Qe4+ Kh8 42. Qa8+ Kh7 43. Qxa5 Qd4+ 44. Kf1 Qf4+ 45. Ke1 Qg3+ 46. Kf1 Qf4+ 47. Ke1 Qg3+ 48. Kf1 {Accuracy: White = 56%, Black = 57%.} 1/2-1/2

[Event "EYTCC U18 Open 2019"]
[Site "Pardubice"]
[Date "2019.07.15"]
[Round "5.11"]
[White "Ileana, George"]
[Black "Svanda, Ondrej"]
[Result "1/2-1/2"]
[WhiteElo "2344"]
[BlackElo "2234"]
[Annotator "NA"]
[PlyCount "94"]
[EventDate "2019.07.11"]
[EventType "swiss"]
[EventCountry "CZE"]
[SourceTitle "playchess.com"]
[Source "ChessBase"]
[SourceQuality "1"]
[WhiteTeam "Romania"]
[BlackTeam "Czech Republic"]
[WhiteTeamCountry "ROU"]
[BlackTeamCountry "CZE"]
[TimeControl "40/5400+30:1800+30"]

1. c4 {[%emt 0:00:00]} c5 {[%emt 0:00:00]} 2. Nc3 {[%emt 0:00:00]} g6 {[%emt 0:00:42]} 3. e3 {[%emt 0:00:00]} Nf6 {[%emt 0:01:08]} 4. d4 {[%emt 0:01:36]} cxd4 {[%emt 0:05:27]} 5. exd4 {[%emt 0:00:05]} d5 {[%emt 0:02:11]} 6. cxd5 {[%emt 0:02:17]} Nxd5 {[%emt 0:00:52]} 7. Qb3 {[%emt 0:00:21]} Nb6 {[%emt 0:04:26]} 8. Nf3 {[%emt 0:02:24]} Bg7 {[%emt 0:00:11]} 9. Bb5+ {[%emt 0:16:12]} Bd7 {[%emt 0:03:37]} 10. O-O {[%emt 0:01:51]} O-O {[%emt 0:00:04]} 11. Bf4 {[%emt 0:00:52]} Be6 {[%emt 0:05:15]} 12. Qa3 {[%emt 0:01:47]} a6 {[%emt 0:01:06]} 13. Be2 {[%emt 0:00:19]} Nc6 {[%emt 0:04:05]} 14. Rfd1 {[%emt 0:03:13]} Nd5 {[%emt 0:03:27]} 15. Bg3 {[%emt 0:03:26]} Rc8 {[%emt 0:11:39]} 16. Nxd5 {[%emt 0:07:01]} Bxd5 {[%emt 0:02:33]} 17. Ne5 {[%emt 0:00:23]} e6 {[%emt 0:01:25]} 18. Nxc6 {[%emt 0:03:27]} Rxc6 {[%emt 0:00:59]} 19. b4 {[%emt 0:00:16]} Qb6 {[%emt 0:05:06]} 20. b5 {[%emt 0:08:14]} axb5 {[%emt 0:02:35]} 21. Rab1 {[%emt 0:13:44]} Qa6 {[%emt 0:10:22]} 22. Qb4 {[%emt 0:00:17]} Bc4 {[%emt 0:02:33]} 23. Bf3 {[%emt 0:03:59]} Rcc8 {[%emt 0:00:53]} 24. a4 {[%emt 0:02:11]} Qxa4 {[%emt 0:01:08]} 25. Qxa4 {[%emt 0:00:08]} bxa4 {[%emt 0:00:04]} 26. Bxb7 {[%emt 0:00:27]} Rcd8 {[%emt 0:03:50]} 27. Rb4 {[%emt 0:00:09]} Bb3 {[%emt 0:05:07]} 28. Rd3 {[%emt 0:01:02]} Bd5 {[%emt 0:09:24]} 29. Bxd5 {[%emt 0:00:14]} Rxd5 {[%emt 0:00:07]} 30. Rxa4 {[%emt 0:00:07]} e5 {[%emt 0:00:40]} 31. Raa3 {[%emt 0:02:55]} exd4 {[%emt 0:00:14]} 32. Kf1 {[%emt 0:01:11]} Re8 {[%emt 0:00:36]} 33. Bf4 {[%emt 0:01:29]} Rb5 {[%emt 0:02:25]} 34. Ra1 {[%emt 0:00:23]} h6 {[%emt 0:02:17]} 35. h4 {[%emt 0:01:16]} Rc8 {[%emt 0:00:30]} 36. Bd2 {[%emt 0:00:45]} Rb2 {[%emt 0:01:10]} 37. g3 {[%emt 0:02:20]} h5 {[%emt 0:00:50]} 38. Rd1 {[%emt 0:01:01]} Rcc2 {[%emt 0:01:16]} 39. Be1 {[%emt 0:00:28]} Be5 {[%emt 0:01:27]} 40. R1d2 {[%emt 0:00:28]} Rxd2 {[%emt 0:04:01]} 41. Bxd2 {[%emt 0:32:14]} Kf8 {[%emt 0:32:44]} 42. Ke2 {[%emt 0:01:06]} Ke7 {[%emt 0:01:39]} 43. Ra3 {[%emt 0:00:08]} Ke6 {[%emt 0:00:00]} 44. Ra6+ {[%emt 0:00:00]} Kd5 {[%emt 0:00:00]} 45. Ra5+ {[%emt 0:00:00]} Ke6 {[%emt 0:00:00]} 46. Ra6+ {[%emt 0:00:00]} Kd5 {[%emt 0:00:00]} 47. Ra5+ {[%emt 0:00:00]} Ke6 {[%emt 0:00:00]} 1/2-1/2

[Event "EYTCC U18 Open 2019"]
[Site "Pardubice"]
[Date "2019.07.15"]
[Round "5.12"]
[White "Mica, Marek"]
[Black "Ognean, Mihnea-Ionut"]
[Result "0-1"]
[WhiteElo "2222"]
[BlackElo "2287"]
[Annotator "NA"]
[PlyCount "98"]
[EventDate "2019.07.11"]
[EventType "swiss"]
[EventCountry "CZE"]
[SourceTitle "playchess.com"]
[Source "ChessBase"]
[SourceQuality "1"]
[WhiteTeam "Czech Republic"]
[BlackTeam "Romania"]
[WhiteTeamCountry "CZE"]
[BlackTeamCountry "ROU"]
[TimeControl "40/5400+30:1800+30"]

1. d4 {[%emt 0:00:00]} Nf6 {[%emt 0:00:00]} 2. c4 {[%emt 0:00:00]} e6 {[%emt 0:00:00]} 3. Nf3 {[%emt 0:00:00]} d5 {[%emt 0:00:00]} 4. Nc3 {[%emt 0:00:36]} Nbd7 {[%emt 0:00:01]} 5. Bg5 {[%emt 0:02:49]} c6 {[%emt 0:00:07]} 6. cxd5 {[%emt 0:00:18]} exd5 {[%emt 0:00:04]} 7. e3 {[%emt 0:00:25]} h6 {[%emt 0:00:12]} 8. Bh4 {[%emt 0:00:38]} g5 {[%emt 0:00:10]} 9. Bg3 {[%emt 0:00:30]} Nh5 {[%emt 0:00:04]} 10. Bd3 {[%emt 0:00:51]} Nxg3 {[%emt 0:00:06]} 11. hxg3 {[%emt 0:00:14]} Bg7 {[%emt 0:00:07]} 12. Qc2 {[%emt 0:01:49]} Nb6 {[%emt 0:00:08]} 13. b4 {[%emt 0:15:53]} a6 {[%emt 0:07:31]} 14. a4 {[%emt 0:01:54]} Qe7 {[%emt 0:02:56]} 15. O-O {[%emt 0:07:08]} Be6 {[%emt 0:03:02]} 16. b5 {[%emt 0:04:49]} axb5 {[%emt 0:19:00]} 17. axb5 {[%emt 0:00:24]} Rxa1 {[%emt 0:00:05]} 18. Rxa1 {[%emt 0:00:10]} c5 {[%emt 0:00:05]} 19. Na4 {[%emt 0:15:06]} Nxa4 {[%emt 0:03:24]} 20. Rxa4 {[%emt 0:07:39]} c4 {[%emt 0:02:19]} 21. Ra8+ {[%emt 0:01:27]} Kd7 {[%emt 0:00:20]} 22. Ra7 {[%emt 0:00:11]} Rb8 {[%emt 0:02:43]} 23. Be2 {[%emt 0:01:09]} Ke8 {[%emt 0:14:28]} 24. Qa4 {[%emt 0:09:56]} Kf8 {[%emt 0:14:36]} 25. Ra8 {[%emt 0:02:02]} Qd8 {[%emt 0:00:46]} 26. Rxb8 {[%emt 0:01:33]} Qxb8 {[%emt 0:00:04]} 27. Nd2 {[%emt 0:00:35]} Kg8 {[%emt 0:11:31]} 28. Nb1 {[%emt 0:02:42]} Bf8 {[%emt 0:00:59]} 29. Nc3 {[%emt 0:05:24]} Qd6 {[%emt 0:01:11]} 30. e4 {[%emt 0:09:57]} dxe4 {[%emt 0:00:47]} 31. d5 {[%emt 0:00:47]} Bf5 {[%emt 0:01:48]} 32. Qxc4 {[%emt 0:00:56]} e3 {[%emt 0:00:07]} 33. Ne4 {[%emt 0:06:23]} Qe5 {[%emt 0:03:05]} 34. Bd3 {[%emt 0:00:30]} e2 {[%emt 0:00:24]} 35. Nf6+ {[%emt 0:01:48]} Qxf6 {[%emt 0:00:07]} 36. Bxe2 {[%emt 0:00:06]} Bd6 {[%emt 0:00:21]} 37. Qa2 {[%emt 0:01:10]} Qc3 {[%emt 0:00:27]} 38. Kh2 {[%emt 0:00:32]} Bc5 {[%emt 0:01:02]} 39. Bh5 {[%emt 0:00:30]} Kg7 {[%emt 0:01:28]} 40. d6 {[%emt 0:00:35]} Be6 {[%emt 0:00:27]} 41. Qe2 {[%emt 0:02:24]} Bxd6 {[%emt 0:00:36]} 42. Qe4 {[%emt 0:00:16]} Qc4 {[%emt 0:00:49]} 43. Qe3 {[%emt 0:00:43]} Qxb5 {[%emt 0:00:30]} 44. Be2 {[%emt 0:00:09]} Qc5 {[%emt 0:00:16]} 45. Qf3 {[%emt 0:00:09]} g4 {[%emt 0:01:20]} 46. Qxb7 {[%emt 0:02:29]} Qxf2 {[%emt 0:00:08]} 47. Qb2+ {[%emt 0:00:09]} Kg8 {[%emt 0:01:02]} 48. Qc1 {[%emt 0:00:21]} Qxg3+ {[%emt 0:00:22]} 49. Kh1 {[%emt 0:00:16]} Qh2# {[%emt 0:00:03]} 0-1